French Guiana, Guyana or Suriname - Statistics

General Stats
  • This quiz has been taken 209 times
  • The average score is 7 of 10
Answer Stats
Question Answer % Correct
Borders Brazil. All
100%
Borders the other two. Suriname
90%
It's official language is Dutch. Suriname
90%
Is not an Olympic Nation French Guiana
80%
It's capital begins with the same letter as the Country. Guyana
80%
Is a Co-operative Republic. Guyana
80%
Does not have white on its flag. French Guiana
70%
Is the largest. Guyana
70%
Is the furthest east. French Guiana
60%
It's capital is not on the Atlantic Ocean's coast. Suriname
20%
No matching quizzes found
Score Distribution
Percent of People with Each Score
Percentile by Number Answered
Your Score History
You have not taken this quiz